| 000 | 00750nam a22002057a 4500 | ||
|---|---|---|---|
| 999 |
_c2461 _d2461 |
||
| 003 | AR-CdUCM | ||
| 008 | 190304b ||||| |||| 00| 0 spa d | ||
| 040 |
_aMUNICIPALIDAD PROVINCIAL DEL CUSCO _cBIBLIOTECA MUNICIPAL DEL CUSCO |
||
| 082 |
_a947.084 / _bL45 |
||
| 100 |
_aLenin, V. I. _94963 |
||
| 245 | _aLa alianza de la clase obrera y del campesinado / | ||
| 260 |
_aMoscú : _bLenguas extranjeras, _c1957. |
||
| 300 |
_a767 páginas ; _c20 cm. |
||
| 505 | _aDesarrollo del capitalismo -- El partido obrero y campesino -- El programa agrario de la sociodemocracia -- Los pobre del campo... | ||
| 650 |
_aLucha de clases. _94818 |
||
| 650 |
_aCapitalismo. _93221 |
||
| 650 |
_aSocialismo. _91037 |
||
| 942 |
_2ddc _cLIBROS |
||
| 945 |
_awfj _d2019-03-04 |
||